00378 a2200145 450000100060000002000150000604000240002110000210004524000590006624500540012530000070017936200090018644000130019565000240020868708 a8526248871 cAnchieta - Itaigara aComapny, Mercè10aAs trigêmeas e Branca de Neve e os sete anõeslpor10aAs trigêmeas e Branca de Neve e os sete anões a310 a2003 1aScipione 4aLiteratura infantil